Online Catalogue and eLibrary

Matara sahithya wansaya (Record no. 4895)

MARC details
000 -LEADER
fixed length control field 00367nam a2200145Ia 4500
005 - DATE AND TIME OF LATEST TRANSACTION
control field 20250430052357.0
008 - FIXED-LENGTH DATA ELEMENTS--GENERAL INFORMATION
fixed length control field 240331s9999 xx 000 0 und d
082 ## - DDC Classification
Item Number - Author Mark WEE
Class No. 891
100 ## - MAIN ENTRY--PERSONAL NAME
Personal name Weerasuriya, P.D.S
245 #0 - TITLE STATEMENT
Title Matara sahithya wansaya
260 ## - PUBLICATION, DISTRIBUTION, ETC.
Place of publication, distribution, etc. Colombo
Name of publisher, distributor, etc. M.D.Gunasena Books
Date of publication, distribution, etc. 1972
300 ## - PHYSICAL DESCRIPTION
Extent (e.g. Volumes, Pages etc.) 566 p .,
500 ## - GENERAL NOTE
General note Matara Sakithiya Wansa
942 ## - Koha item type (Biblio)
Koha item type Books in Stacks (Lending)
Holdings
Lost status Damaged status Collection code Home library Current library Shelving location Date acquired Full call number Accession Number Item type
    Lending WERC Library WERC Library Social Science Cupboard 03/31/2024 891.48 WEE 1069 Books in Stacks (Lending)

© WERC Library